000 01852cam a22004454i 4500
003 PE-LiUPU
005 20250731165432.0
008 160229s1996 pe a grm 000 0 spa d
035 _a(Sirsi) a156333
040 _aPE-LiUPU
_bspa
_cPE-LiUPU
_erda
099 _aTE 2
_bT68 1996
100 1 _aTola Escobar, Fermín
_eautor
245 1 3 _aEl humus de lombriz, el bioabono y los fertilizantes químicos en el cultivo de Arveja (Pisun sativum L.) /
_cFermín Tola Escobar.
264 0 _c1996.
300 _a74 hojas
_c30 cm
336 _atext
_2rdacontent
337 _aunmediated
_2rdamedia
338 _avolume
_2rdacarrier
502 _aTesis
_b(Lic.) --
_cUniversidad Peruana Unión,
_d1996.
504 _aIncluye referencias
520 3 _aEn la actualidad el problema alimenticio constituye un motivo de preocupación de los gobiernos nacionales y de los diferentes organismos internacionales. Lo cual pone en evidencia que el mundo es consciente, que la alimentación de la humanidad tanto en términos cuantitativos como cualitativos se han ido deteriorando en forma gradual, a tal extremo que hoy en día es algo mas que una simple amenaza o un problema aislado de alguna nación. Por el contrario se trata de un hecho real y de trascendencia mundial al cual hay que hacerle frente.
526 _aSEG44
526 _aSEG26
526 _aP151
526 _aP150
526 _aP149
526 _aP146
526 _aP145
526 _aP126
526 _aP125
526 _aP92
526 _aP75
526 _aP74
526 _aP27
526 _aP15
650 0 4 _aArveja
_xCultivo
_xAbonos y fertilizantes.
596 _a1
942 _2ddc
_cTESIS
999 _aTE 2 T68 1996
_wALPHANUM
_c9017
_iT00208
_lCCODEBUL3
_mBUL
_r1
_sY
_tTESIS
_u2016-2-29
_xEDUCACION
_zUNKNOWN
_o.STAFF. Tesis
_d9017
980 _81
_gALBERTO SANCHEZ Responsable de Automatización